000 01166nam a2200217 a 4500
008 100120s2008 ||||||||||||||||| || u
020 _a9780750684491
050 _aTK 3271 Kit
100 _aKitcher, Christopher
245 1 0 _aPractical guide to inspection, testing and certification of electrical installations
260 _aAmsterdam:
_bElsevier
_c2008
300 _ax, 210p.: ill.
350 _a0.00
500 _aConforms to IEE wiring regulations/BS 7671/Part P of building regulations.
650 _aENGINEERING
650 _aELECTRIC WIRING--STANDARDS--GREAT BRITAIN
650 _aELECTRIC WIRING, INTERIOR--INSPECTION
995 _aMAIN LIBRARY OPEN ACCESS
_D0.00
_e740833
_FCBU-MAIN LIBRARY (Kitwe)
_H1
_I0.00
_jTK 3271 KIT
_M2
_ULOST
_VMar 7, 2013
_WMar 24, 2010
_y740833
_ZMain Library Open Access Collection
995 _aMAIN LIBRARY OPEN ACCESS
_D0.00
_e740834
_FCBU-MAIN LIBRARY (Kitwe)
_H1
_I0.00
_jTK 3271 KIT
_M3
_UAVAILABLE
_WMar 24, 2010
_y740834
_ZMain Library Open Access Collection
995 _aMAIN LIBRARY OPEN ACCESS
_D0.00
_e740832
_FCBU-MAIN LIBRARY (Kitwe)
_H1
_I0.00
_jTK 3271 KIT
_M1
_UAVAILABLE
_WMar 24, 2010
_y740832
_ZMain Library Open Access Collection
999 _c76987
_d76987